01586nam a22003017a 45000010005000000030006000050050017000110080041000280200018000690400029000870500012001160820009001281000030001372450083001672500041002502600027002913000045003185050007003635200646003705210018010165210018010346500017010526500021010697000028010909420015011189990015011339520136011486466FISKH20250506094833.0250506b cb ||||| |||| 00| 0 eng d a9781444016062 aFISKHbengcFISKHdFISKH a823.914 aPZ7. aSimon, Francescad(1955-) aHorrid Henry and the fangmangler /cFrancesca Simon ; Illustrated by Tony Ross aThis edition first published in 1997 aLondon :bOrion,c1997 a78 pages :bcolor illustrations ;c20 cm aJ  aorrid Henry braves the terrifying Fangmangler in this hilarious story perfect for Early Readers. Early Readers are stepping stones from picture books to reading books. A blue Early Reader is perfect for sharing and reading together. A red Early Reader is the next step on your reading journey. When Henry has no pocket money left to buy a Dungeon Drink kit, he comes up with an ingenious scheme to make some cash and give his friends (and enemies) a scare at the same time. But does the Fangmangler really exist? And if not, which of Henry's evil enemies is out for revenge? A funny, spooky story, perfect for Hallowe'en and all year round. 8 a460 bLexile 8 aJ bRaz-Plus  2MoodyaSleep 2MoneyaMillions  aRoss, Tonydillustrator 2ddccBKn0 c6466d6466 00102ddc40708JUVFa002b002cTTP Dark Blued2025-05-06l0oSIM PZ7. 823.914p2025-1149r2025-05-06 09:48:31t1w2025-05-06yBK